| 000 | 01098nam a22002537a 4500 | ||
|---|---|---|---|
| 005 | 20210325193221.0 | ||
| 008 | s2547 th tha d | ||
| 020 | _a9749197992 | ||
| 041 | _atha | ||
| 050 | _aPE1133 พ249ค 2547 | ||
| 100 | 0 | _aพรพิมล สมนึก | |
| 245 | 1 | 0 | _aคู่มือฝึกพูด 2 ภาษา (อังกฤษ-ไทย) สำหรับชาวไทยและชาวต่างชาติ |
| 246 | _a\The \\bilingual English-Thai handbook | ||
| 260 | 3 |
_aนนทบุรี : _bเจ.บี.พับลิชชิ่ง, _c2547 |
|
| 300 |
_a235 หน้า ; _b 21 ซม. |
||
| 650 | 0 | 4 | _aภาษาอังกฤษ -- การออกเสียง |
| 650 | 0 | 4 | _aภาษาอังกฤษ -- บทสนทนาและวลี |
| 650 | 0 | 4 | _aภาษาไทย -- การออกเสียง |
| 650 | 0 | 4 | _aภาษาไทย -- บทสนทนาและวลี |
| 850 | _aNALT | ||
| 942 | _cGB | ||
| 997 | _c000000000039459 | ||
| 998 | _aBENJALUCK SUTTHIWILAI | ||
| 999 |
_c39459 _d39459 |
||